| Tag |
First Indicator |
Second Indicator |
Subfields |
| LEADER |
00000cam a2200000 4500 |
| 001 |
in00000055707 |
| 005 |
20151008052305.0 |
| 008 |
711229s1962 inua b 00000 eng |
| 010 |
|
|
|a 62051369
|
| 035 |
|
|
|a (OCoLC)00188592
|
| 035 |
|
|
|9 AAH2649AM
|
| 040 |
|
|
|a DLC
|c HUC
|d TXA
|d UtOrBLW
|
| 049 |
|
|
|a TXAM
|c 1 [350912]
|c 2 [350913]
|
| 050 |
|
0 |
|a PE1478
|b .D8
|
| 090 |
|
|
|a PE1478
|b .D8 1962
|
| 092 |
|
|
|a 378.242
|b D866ma, 1962
|
| 100 |
1 |
|
|a Dugdale, Kathleen.
|
| 245 |
1 |
2 |
|a A manual on writing research.
|
| 264 |
|
1 |
|a Bloomington, Ind.,
|b [publisher not identified] ;
|c 1962.
|
| 300 |
|
|
|a 50 pages :
|b illustrations ;
|c 28 cm.
|
| 336 |
|
|
|a text
|b txt
|2 rdacontent
|
| 337 |
|
|
|a unmediated
|b n
|2 rdamedia
|
| 338 |
|
|
|a volume
|b nc
|2 rdacarrier
|
| 504 |
|
|
|a Includes bibliography.
|
| 650 |
|
0 |
|a Report writing.
|
| 650 |
|
0 |
|a English language
|x Rhetoric.
|
| 740 |
0 |
|
|a Writing research.
|
| 999 |
|
|
|a MARS
|
| 999 |
f |
f |
|s 710a968d-d3f8-3dd4-8d0a-cc59f2738b9f
|i ae47e5b9-4111-38a3-83d3-e39eb1946947
|t 0
|
| 952 |
f |
f |
|p ric
|a Texas A&M University
|b Rellis Campus
|c Joint Library Facility
|s JLF
|d Remote Storage
|t 0
|e PE1478 .D8 1962
|h Library of Congress classification
|i unmediated -- volume
|m A14800862996
|
| 998 |
f |
f |
|a PE1478 .D8 1962
|t 0
|l Remote Storage
|